[Event "Rottach Egern Seniors Cup 11th"]
[Site "Rottach Egern"]
[Date "2023.04.18"]
[Round "4"]
[White "Sombetzki, Detlef"]
[Black "Schnell, Franz"]
[Result "1/2-1/2"]
[WhiteElo "1542"]
[BlackElo "1697"]
[PlyCount "48"]
[EventDate "2023.04.15"]
[EventType "swiss"]
[EventRounds "9"]
[EventCountry "GER"]
[SourceTitle "EXT 2024"]
[Source "ChessBase"]
[SourceDate "2023.10.10"]
[SourceVersion "1"]
[SourceVersionDate "2023.10.10"]
[SourceQuality "1"]

1. d4 d5 2. Bf4 Nf6 3. e3 Bf5 4. Nf3 e6 5. Nbd2 Bd6 6. Ne5 c6 7. c3 Qc7 8. Be2 0-0 9. h4 Nbd7 10. g4 Nxe5 11. dxe5 Bxe5 12. Bxe5 Qxe5 13. gxf5 exf5 14. Qc2 Ne4 15. Nxe4 dxe4 16. 0-0-0 Rfd8 17. Bc4 b5 18. Bb3 a5 19. a4 Rdc8 20. Bxf7+ Kxf7 21. Qb3+ Kf8 22. Rd7 Qf6 23. Rhd1 Rd8 24. R1d6 Rxd7 1/2-1/2

[Event "Altenkirchen Seniors op 19th"]
[Site "Altenkirchen"]
[Date "2022.07.19"]
[Round "1"]
[White "Lehmann, Martin"]
[Black "Sombetzki, Detlef"]
[Result "1-0"]
[WhiteElo "1945"]
[BlackElo "1526"]
[PlyCount "89"]
[EventDate "2022.07.19"]
[EventType "swiss"]
[EventRounds "9"]
[EventCountry "GER"]
[SourceTitle "CBM 209 Extra"]
[Source "ChessBase"]
[SourceDate "2022.09.30"]
[SourceVersion "1"]
[SourceVersionDate "2022.09.30"]
[SourceQuality "1"]

1. e4 c5 2. d4 cxd4 3. c3 Nf6 4. e5 Nd5 5. Bc4 e6 6. Bxd5 exd5 7. Qxd4 Qa5 8. b4 Qb5 9. a4 Qc4 10. Qxc4 dxc4 11. Nd2 d5 12. exd6 Be6 13. b5 Bxd6 14. Ne4 Be7 15. Nf3 0-0 16. 0-0 Nd7 17. Bf4 Rac8 18. Nd6 Bxd6 19. Bxd6 Rfe8 20. Nd4 f6 21. Rfe1 Bf7 22. Nf5 Rxe1+ 23. Rxe1 Re8 24. Be7 Ne5 25. f4 Ng6 26. g3 Nxe7 27. Rxe7 Rxe7 28. Nxe7+ Kf8 29. Nf5 Bd5 30. Kf2 Kf7 31. Ke3 Ke6 32. Nxg7+ Kf7 33. Nf5 Ke6 34. Kd4 b6 35. Ne3 Bf3 36. Kxc4 Bb7 37. Kb4 Ba8 38. c4 h5 39. c5 Bf3 40. cxb6 axb6 41. a5 bxa5+ 42. Kxa5 Kd7 43. Kb6 Kc8 44. Ka7 Bb7 45. h4 1-0